Nobody's child / (Record no. 773)

MARC details
000 -LEADER
fixed length control field 01255nam a2200301Ia 4500
003 - CONTROL NUMBER IDENTIFIER
control field data
005 - DATE AND TIME OF LATEST TRANSACTION
control field 20260322212033.0
008 - FIXED-LENGTH DATA ELEMENTS--GENERAL INFORMATION
fixed length control field data
020 ## - INTERNATIONAL STANDARD BOOK NUMBER
International Standard Book Number 0201608162
020 ## - INTERNATIONAL STANDARD BOOK NUMBER
International Standard Book Number 9780201608168
040 ## - CATALOGING SOURCE
Original cataloging agency SZR
Transcribing agency SZR
Modifying agency TOL
099 ## - LOCAL FREE-TEXT CALL NUMBER (OCLC)
Classification number BALTEM
001 - CONTROL NUMBER
control field data
100 1# - MAIN ENTRY--PERSONAL NAME
Personal name Balter, Marie,
Dates associated with a name 1930-
245 10 - TITLE STATEMENT
Title Nobody's child /
Statement of responsibility, etc. Marie Balter & Richard Katz.
260 ## - PUBLICATION, DISTRIBUTION, ETC.
Place of publication, distribution, etc. [Cambridge, Mass.] :
Name of publisher, distributor, etc. Da Capo Press,
Date of publication, distribution, etc. c1991.
300 ## - PHYSICAL DESCRIPTION
Extent xxi, 203 p., [4] p. of plates :
Other physical details ill. ;
Dimensions 22 cm.
500 ## - GENERAL NOTE
General note Reprint, with new pref. Originally published: Sing no sad songs. Massachusetts : Balter Institute, c1987.
500 ## - GENERAL NOTE
General note "A Merloyd Lawrence book."
505 0# - FORMATTED CONTENTS NOTE
Formatted contents note A place of terror -- Ma and Pa -- St. Therese's Home -- The castle -- "This is your mother" -- Back home to the castle -- "Treatments" -- The outside world -- Back ward -- "I'm really crazy now" -- Fighting for my life -- Step-by-step -- Joe -- Healing work -- Harvard -- A voice for the mentally ill.
600 10 - SUBJECT ADDED ENTRY--PERSONAL NAME
Personal name Balter, Marie,
Dates associated with a name 1930-
General subdivision Mental health.
650 #0 - SUBJECT ADDED ENTRY--TOPICAL TERM
Topical term or geographic name entry element Mental illness.
650 #0 - SUBJECT ADDED ENTRY--TOPICAL TERM
Topical term or geographic name entry element Mental health.
650 #0 - SUBJECT ADDED ENTRY--TOPICAL TERM
Topical term or geographic name entry element Psychiatric hospital patients.
650 #0 - SUBJECT ADDED ENTRY--TOPICAL TERM
Topical term or geographic name entry element Psychoses
General subdivision Patients
Geographic subdivision United States
Form subdivision Biography.
650 #0 - SUBJECT ADDED ENTRY--TOPICAL TERM
Topical term or geographic name entry element Mentally ill
General subdivision Abuse of.
700 1# - ADDED ENTRY--PERSONAL NAME
Personal name Katz, Richard,
Dates associated with a name 1937-
Holdings
Withdrawn status Lost status Damaged status Not for loan Home library Current library Shelving location Date acquired Total checkouts Full call number Barcode Date last seen Price effective from Koha item type
        Riverside Riverside General stacks 22/03/2026   GEN BC0010793 22/03/2026 22/03/2026 Books